000 00606nam a2200193Ia 4500
003 GCL
008 140319s9999 xx 000 0 ara d
040 _aGCL /
_cGCL
082 0 4 _a891.7
_bل ر
100 1 _aنخبة من الادباء
245 1 0 _aراسبوتين ونساء القياصرة /
_cنخبة من الادباء
700 1 _aلرو، غستون
260 _a[S.N] :
_bدار اسامة للنشر والتوزيع
300 _a299 ص
490 _a
650 0 4 _aالقصة الروسية المترجمة
650 0 4 _aالادب الروسى المترجم
942 _2ddc
_cBK
999 _c28345
_d28345